000 00787nam a2200241Ia 4500
003 IN-BaIIA
008 211028s9999 xx 000 0 eng d
020 _a0-88318-374-9
040 _cIIA Library
080 _a524.572-656(063)
_bRAD
100 _aCordes, James M.
_916485
245 0 _aRadio wave scattering in the interstellar medium
_cJames M. Cordes
260 _aNew York
_bAmerican Institute of Physics
_c1988
300 _a230p.
490 _aAIP conference proceedings; v. 174
650 _aAstronomy and astrophysics thesaurus
650 _aInterstellar medium
_93375
650 _aRadio waves
_92150
650 _aScattering
_93302
700 _aBacker, Donald C
_916486
700 _aRickett, Barney J
_916487
942 _cBK
999 _c9743
_d9743